01083nam a2200253 a 450000100100000000500170001000800410002702000100006804000250007808200180010310000370012124500980015826000510025630000260030750400270033359000270036060000370038765000600042465100600048470000310054495201160057595201210069199900170081200002520420240410073846.0110211s2000 dr a 000 0 spa d z83400 aDO-SdBNPbspacBNPHU a972.73bC343p1 aCassá, Roberto, d1948-91088810aPedro Santana :bautócrata y anexionista /cRoberto Cassá ; ilustraciones Ramiro Manzano. aSanto Domingo :bTobogan,c2000.fAlfa y Omega a57p. :bil. ;c21 cm. aBibliografía : p. 57 aInventariado, 2018/ YL 0aSantana, Pedro.d1801-186496546 4aPresidenteszRepública DominicanaxBiografía951682 0aRepública Dominicana --xHistoria --y1844-1930910091 aManzano, Ramiro,eil.9768 0010718PDaPDbPDcHDd2011-02-11iLF1l0o972.73 C343pp25204-10r2020-06-25w2020-06-25yLFPDZNo se presta 0010718PDaPDbPDcHDd2018-03-23iLF1l0o972.73 C343pp25204-20r2020-06-25te.2w2020-06-25yLFPDZNo se presta c24697d24697